000 03630nam0a2200373 4500
001 RU\NLR\BIBL_A\016237153
005 20250625004718.0
010 _a978-5-7389-3523-7
_9100
021 _aRU
_b2022-80070
_9КН-П-7028
035 _a(RuMoRGB)011375484
035 _a(NLR Aleph) 016237153
090 _a12785916
_c12785916
100 _a20221213d2022 |||y0rusy50 ca
101 0 _arus
_aeng
102 _aRU
105 _aa j 000zy
181 0 _ai3
_baxxe
182 0 _an
200 1 _aЛексикология английского языка
_dEnglish lexicology
_eкурс лекций и семинарских занятий
_eучебное пособие
_fТ. П. Карпухина
_gМинистерство науки и высшего образования Российской Федерации, Федеральное государственное бюджетное образовательное учреждение высшего образования "Тихоокеанский государственный университет"
_zeng
203 _aТекст
_bвизуальный
_cнепосредственный
210 _aХабаровск
_cИзд-во ТОГУ
_d2022
215 _a209 с.
_cтабл.
_d21
320 _aБиблиогр.: с. 202-206 (82 назв.)
330 _aВ соответствии с действующими федеральными государственными образовательными стандартами и программой курса по лексикологии для студентов гуманитарных вузов представлены основные проблемы лексикологии английского языка. Пособие включает в себя курс лекций и семинарских занятий, охватывающий такие темы, как теория слова, этимология, семасиология, словообразование, системные отношения в лексике, фразеология, стилистическая дифференциация лексического состава, варианты и диалекты английского языка и лексикография. Теоретический материал лекционного курса и практические задания, предлагаемые на семинарских занятиях, направлены на усвоение курса лексикологии, расширение словарного запаса студентов, развитие языкового мышления. Предназначено для студентов бакалавриата и специалитета факультетов иностранных (европейских) языков высших учебных заведений. Может быть использовано как в аудиторной, так и в самостоятельной работе студентов
510 1 _6z20790
_aEnglish lexicology
_zeng
606 1 _aАнглийский язык
_jУчебные издания для высших учебных заведений
_xЛексикология
_9967833
_3RU\NLR\AUTH\6643636
675 _a811.111'373(075.8)
_v4
686 1 _aШ143.21-93рус3-3
700 1 _aКарпухина
_bТ. П.
_gТамара Петровна
790 1 _6z20510
_aKarpuchina
_bT. P.
_gTamara Petrovna
942 _cBOOK
980 _aNB